000 00818nam a2200265Ia 4500
003 OSt
005 20220918170438.0
006 a|||||r|||| 00| 0
007 ta
008 220917b |||||||| |||| 00| 0 eng d
020 _a9780230275737 (pbk)
_c2412.90
024 _a282,835
037 _b43, 23/09/2014, Mallika Books
_cTextual
040 _aARTS
_cARTS
_beng
041 _2eng
_aeng
082 _aP111,3, Q4
100 _aMilton James Ed.
_929092
245 0 _aDimensions of vocabulary knowledge
260 _aNew York
_bPalgrave Macmillan U.S.A
_c2014
300 _axiv, 207p.
_ccm.
650 _aLINGUISTICS
700 _a Fitzpatrick Tess Ed.
_929093
942 _hP111,3, Q4
_cTEXL
_2CC
999 _c134173
_d134173